Statistics for All teams that reached FIFA World Ranking top 10

Click here to take the quiz!

General Stats

  • This quiz has been taken 5,535 times
    (3,993 since last reset)
  • The average score is 31 of 38

Answer Stats

BEST RANKINGNATIONAL TEAM% Correct
1Argentina
98%
1Brazil
98%
1France
97%
1Germany
96%
1Spain
96%
1Belgium
95%
3England
95%
1Italy
95%
3Portugal
94%
4USA
93%
1Netherlands
92%
3Russia
92%
4Mexico
91%
2Uruguay
91%
2Sweden
90%
3Chile
88%
3Croatia
86%
9Japan
86%
5Poland
85%
3Colombia
84%
3Denmark
84%
3Switzerland
83%
10Austria
80%
8Greece
80%
6Yugoslavia
79%
2Norway
78%
5Turkey
76%
10Peru
74%
2Czech Republic
73%
6Ireland
72%
9Egypt
71%
8Paraguay
67%
8Wales
67%
3Romania
65%
8Bulgaria
64%
5Nigeria
62%
10Ecuador
59%
10Morocco
57%

Score Distribution

Percentile by Number Answered

Percent of People with Each Score

Your Score History

You have not taken this quiz since the last reset